[Event "LOTTO POL-ch Men 2019"]
[Site "Warsaw"]
[Date "2019.05.13"]
[Round "3.1"]
[White "Gajewski, Grzegorz"]
[Black "Piorun, Kacper"]
[Result "1/2-1/2"]
[WhiteElo "2613"]
[BlackElo "2657"]
[Annotator "TA"]
[PlyCount "91"]
[EventDate "2019.05.11"]
[EventType "tourn"]
[EventCountry "POL"]
[SourceTitle "playchess.com"]
[Source "ChessBase"]
[SourceQuality "1"]

{[%evp 9,91,13,25,18,17,11,29,31,30,32,35,28,35,32,35,35,59,27,34,34,34,24,14,0,66,0,11,14,47,0,25,33,27,23,21,0,11,-33,0,3,0,-39,-39,-50,-47,-143,-58,-61,-17,-21,-20,-113,-8,-25,-14,-14,-14,-10,-10,-14,-18,-15,-22,-29,-14,-22,-12,-10,-14,-8,-8,-8,0,0,0,0,0,0,0,0,0,0,0,0]} 1. d4 f5 2. Nc3 Nf6 3. Bg5 d5 4. Bxf6 exf6 5. e3 Be6 6. h4 {A80: Dutch Defence: Unusual White second moves} (6. Bb5+ c6 7. Bd3 g6 8. Qf3 h5 9. h3 Rg8 10. Nge2 Bd6 11. Nf4 Qe7 12. Nxe6 Qxe6 13. Ne2 Nd7 {½-½ (47) Ma,Q (2645)-Yu,Y (2760) China 2018}) 6... h5 7. Nh3 c6 8. Bd3 {White has an edge.} g6 9. Ne2 Bd6 10. b3 $146 ({Predecessor:} 10. c3 Nd7 11. Qc2 Qe7 12. Nhf4 Bf7 13. c4 Bxf4 14. Nxf4 dxc4 {1-0 (35) Raicevic,V (2480)-Steiner,D (2305) Cattolica 1989}) 10... b5 11. c3 Nd7 12. a4 a6 13. Qc2 Nb6 14. a5 Nc8 15. Nef4 Bf7 16. c4 {aiming for cxb5.} Ne7 ({Black should play} 16... Bb4+ $11 17. Ke2 Ne7) 17. O-O (17. c5 $14 Bc7 18. b4) 17... Rg8 $11 18. Be2 Bb8 19. cxd5 cxd5 20. Nd3 Qd6 {[%csl Gb8][%cal Rd6h2]} 21. g3 g5 22. hxg5 fxg5 23. Ne5 Qf6 24. Nxf7 Qxf7 25. Qd1 g4 26. Nf4 h4 27. Rc1 {[#]} (27. Kg2 $15) 27... Rh8 (27... hxg3 $1 $17 {Hoping for ...Bxf4.} 28. fxg3 Qh7) 28. Kg2 $1 $15 Bd6 29. Rh1 Qf6 30. f3 (30. gxh4 $11 Bxf4 31. exf4) 30... Bxf4 (30... hxg3 $17 31. Rxh8+ Qxh8) 31. exf4 $11 hxg3 32. fxg4 {g5 is the strong threat.} Rxh1 33. Qxh1 Qxd4 {( -> ...Qf2+)} 34. Kxg3 Qe3+ {[%mdl 64] [#] Double Attack} 35. Bf3 fxg4 $1 36. Kxg4 Qe6+ 37. Kg3 {The position is equal.} Nf5+ 38. Kg2 Qg6+ 39. Kf2 $132 {[%mdl 2048] Bh5! would kill now. White is fighting back} Qg3+ {[%mdl 64] Double Attack} 40. Ke2 {Threatens to win with Qh5+.} Kd7 {Strongly threatening ...Re8+.} 41. Qh7+ $1 Ng7 {White must now prevent ...Re8+.} 42. Bxd5 Re8+ 43. Be4 Qg2+ 44. Kd3 Qg3+ {[%mdl 64] Double Attack} 45. Ke2 Qg2+ 46. Kd3 {Accuracy: White = 53%, Black = 58%.} 1/2-1/2

[Event "LOTTO POL-ch Men 2019"]
[Site "Warsaw"]
[Date "2019.05.13"]
[Round "3.2"]
[White "Gumularz, Szymon"]
[Black "Dragun, Kamil"]
[Result "0-1"]
[WhiteElo "2483"]
[BlackElo "2591"]
[Annotator "TA"]
[PlyCount "131"]
[EventDate "2019.05.11"]
[EventType "tourn"]
[EventCountry "POL"]
[SourceTitle "playchess.com"]
[Source "ChessBase"]
[SourceQuality "1"]

{[%evp 9,131,22,36,45,77,73,75,74,65,62,52,56,72,79,96,79,128,125,150,144,145,138,135,120,119,84,76,73,79,72,74,0,25,12,23,-91,0,-134,-127,-130,-127,-119,-114,-189,-165,-177,-169,-214,-176,-263,-101,-165,-101,-154,-143,-299,-300,-343,-265,-289,-276,-275,-275,-266,-274,-255,-253,-316,-245,-245,-160,-225,0,-243,-183,-233,-233,-295,-264,-410,-389,-393,-385,-403,-403,-403,-395,-375,-369,-916,-286,-286,-286,-286,-286,-285,-285,-277,-277,-343,-331,-310,-288,-288,0,-229,-229,-229,-241,-241,0,-241,-249,-256,-168,-168,-168,-168,-168,-168,-168,-168,-168,-168]} 1. e4 Nf6 2. e5 Nd5 3. d4 d6 4. Nf3 dxe5 (4... Bg4 5. Be2 e6 6. O-O Be7 7. h3 Bh5 8. c4 Nb6 9. Nc3 O-O 10. Be3 d5 11. g4 Bg6 12. c5 Nc4 13. Bxc4 dxc4 14. Qa4 b6 15. cxb6 cxb6 16. Qxc4 Qd7 17. d5 Rc8 18. Qe2 exd5 {1-0 (31) Anand,V (2773)-Maghsoodloo,P (2688) St Petersburg 2018}) 5. c4 Nf6 6. Nxe5 {B04: Alekhine's Defence: 4 Nf3} c6 7. Nc3 g6 8. Be2 {White is better.} Bg7 9. O-O O-O 10. Be3 Nbd7 11. f4 $36 {[%mdl 2048] Keeping Black busy.} Qc7 12. Bf3 Rd8 13. Qe2 Nf8 $146 ({Predecessor:} 13... Ne8 14. Rad1 {1-0 (26) Beserra,J (1906)-Manzi,L (2051) Rio de Janeiro 2016}) 14. Rad1 N6d7 15. Qf2 f5 16. Rfe1 Nxe5 17. dxe5 Rxd1 18. Rxd1 Be6 19. Bxa7 Nd7 20. Nd5 (20. Be3 $16) 20... Bxd5 21. cxd5 c5 22. e6 (22. Qh4 $1 $11 {remains equal.} Bf8 23. d6 exd6 24. e6) 22... Rxa7 (22... Bd4 $1 $17 {[%cal Rd4f2]} 23. Rxd4 cxd4 24. Qxd4 Nf6) 23. exd7 (23. d6 $1 $11 exd6 24. exd7) 23... Bd4 $1 $17 {[%cal Rd4f2]} (23... Qxd7 24. Qxc5 Ra4 25. d6 $14) 24. Rxd4 cxd4 25. Qxd4 {[%mdl 4096] Endgame KQR-KQB} Ra8 26. h4 (26. d6 $17 Qxd7 27. Qd5+ e6 28. Qxb7 Qxb7 29. Bxb7) 26... Qxd7 $19 (26... Rxa2 27. d6 $1 $11 {[%mdl 512]}) 27. h5 {Threatening h6.} Ra4 (27... Rxa2 28. h6 $11) 28. b4 gxh5 (28... Rxa2 29. h6 $11) 29. Qe5 (29. Bd1 $142 Rxa2 30. Bb3) 29... Ra6 $2 (29... Rxb4 30. Qb8+ Kg7 31. Qe5+ Kg6 32. Qh8 $11) (29... Qd6 $1 $19 {and Black stays clearly on top.} 30. Qxf5 Rxb4) 30. Bxh5 (30. Qb8+ $17 {was worth a try.} Kg7 31. Qe5+ Rf6 32. a4) 30... Rf6 (30... Rxa2 $19 31. Qb8+ Kg7 32. Qe5+ Kg8 33. Qb8+ Kg7 34. Qe5+ Kh6) 31. Bf3 (31. a4 $142) 31... Qd6 $17 32. Qc3 $2 (32. Qd4 $17 {was called for.}) 32... Qxf4 $19 33. a4 b6 34. Qc8+ Kg7 35. Qc3 Kg6 36. a5 bxa5 37. bxa5 Qd6 38. Qc8 Kg7 39. Qc3 Qd7 40. Qc5 (40. Be2 $17 {might work better.}) 40... Qd6 41. Qc3 h6 42. Kh1 Kh7 43. Qc8 Qe5 44. Qd7 (44. Qb7 {was forced.}) 44... Kg7 45. Qb7 Kf7 46. Bh5+ Kf8 47. Qa8+ Kg7 48. Qe8 f4 49. Kg1 $2 (49. Bf3) 49... Qd6 $2 (49... Qe1+ 50. Kh2 f3 51. gxf3 Qh4+ 52. Kg2 Qg5+ {[%mdl 64] Double Attack} 53. Bg4 Rg6) 50. Bf3 Rf8 51. Qh5 Qf6 52. Qg4+ Kh8 53. Kh2 Rg8 54. Qd7 {intending d6!} Qh4+ $1 55. Kg1 Qe1+ 56. Kh2 Qh4+ 57. Kg1 $1 {[#]} Rb8 $1 {[%cal Rb8b1]} 58. Qf5 Qe1+ 59. Kh2 Qh4+ 60. Kg1 $1 {[#]} Qg5 $1 {[%cal Rg5f5]} ({Resist} 60... Qe1+ 61. Kh2) 61. Qe4 Rc8 {( -> ...Rc1+)} 62. Qd4+ {Black is clearly better.} Kg8 {...Rc1+ is the strong threat.} 63. d6 {aiming for d7.} Rc1+ ({Don't go for} 63... Qxa5 $2 64. Bd5+ e6 65. Bxe6+ Kh7 66. Bxc8 $18) 64. Kf2 {Strongly threatening Qd5+.} Qg3+ ({But not} 64... Qxa5 $2 65. Qd5+ Qxd5 66. Bxd5+ e6 67. d7 $18) 65. Ke2 {Hoping for Bd5+.} Qe1+ 66. Kd3 {Accuracy: White = 53%, Black = 58%.} 0-1

[Event "LOTTO POL-ch Men 2019"]
[Site "Warsaw"]
[Date "2019.05.13"]
[Round "3.3"]
[White "Socko, Bartosz"]
[Black "Sadzikowski, Daniel"]
[Result "1-0"]
[WhiteElo "2627"]
[BlackElo "2522"]
[Annotator "TA"]
[PlyCount "101"]
[EventDate "2019.05.11"]
[EventType "tourn"]
[EventCountry "POL"]
[SourceTitle "playchess.com"]
[Source "ChessBase"]
[SourceQuality "1"]

{[%evp 16,100,26,21,32,23,40,27,30,27,31,32,27,-5,0,0,0,-41,-18,-33,-2,-47,19,-4,0,-24,10,-16,37,34,23,10,35,0,26,13,24,24,133,128,154,89,200,215,197,111,176,149,162,167,156,158,162,141,187,185,227,214,211,86,92,81,91,85,78,79,104,100,110,110,124,120,123,123,285,272,290,291,392,392,377,365,792,784,765,660,29999]} 1. e4 c5 2. Nf3 Nc6 3. Bb5 g6 4. Bxc6 dxc6 5. d3 Bg7 6. h3 Nf6 7. Nc3 Nd7 8. Be3 e5 9. Qd2 h6 {B31: Sicilian: 2...Nc6 3 Bb5 g6} 10. O-O (10. a3 b6 11. b4 Nf8 12. bxc5 Ne6 13. cxb6 axb6 14. Qc1 f5 15. a4 f4 16. Bd2 O-O 17. Qb2 {0-1 (51) Meier,G (2628)-Caruana,F (2819) Karlsruhe/Baden Baden 2019}) 10... b6 11. Nh2 Nf8 {White has an edge.} 12. f4 exf4 13. Bxf4 Ne6 14. Bg3 Qg5 $36 {[%mdl 2048] Black fights for an advantage.} 15. Qe1 Nd4 {[#]} 16. Bf4 $146 ({Predecessor:} 16. Nf3 Qd8 17. Qd2 {1-0 (62) Kobalia,M (2620)-Zagrebelny,S (2485) Tula 2019}) 16... Qd8 (16... Nxc2 $2 17. Qc1 $18) (16... Qe7 {with more complications.} 17. Qf2 O-O 18. Rae1 Be6 19. e5 g5) 17. Qd2 g5 18. Be3 a5 (18... Qc7 $15) 19. Rae1 Ra7 20. Kh1 Be5 21. Ne2 f6 (21... Nxe2 $11 22. Rxe2 O-O) 22. c3 Nxe2 23. Qxe2 O-O 24. Rd1 Bb8 25. Qh5 Qd6 {[%csl Gb8][%cal Rd6h2]} 26. Bg1 f5 (26... Re7 $11 {keeps the balance.}) 27. d4 $1 $16 {[%cal Rd4c5]} c4 ({Don't go for} 27... fxe4 $2 28. dxc5 Qe6 29. Ng4 $18) 28. d5 (28. exf5 $142 $1 {And now Ng4 would win.} Bxf5 29. Rxf5 $1 {[%mdl 512]} Rxf5 30. Ng4) 28... Kh7 (28... Rg7 $16) 29. Nf3 $18 Rg7 {With the idea ...g4.} 30. e5 (30. exf5 $1 $18 {Threatens to win with Bh2.} Bxf5 31. Bh2) 30... Qd8 (30... Qd7 $16) 31. dxc6 Qe7 32. Bxb6 {Strongly threatening c7.} g4 33. hxg4 fxg4 {[#]} 34. Nh2 $1 {Black must now prevent Rxf8.} Rxf1+ 35. Rxf1 {Rf6 is the strong threat.} Qxe5 36. Qxe5 Bxe5 37. Rf8 ({But not} 37. Bxa5 $6 Kg6 $16) (37. Bd4 $18 {is the precise move to win.} Bxd4 38. cxd4) 37... Rg8 $16 38. Rxg8 Kxg8 39. Bxa5 {[%mdl 4096] Endgame KBB-KBN} Kf7 40. Nf1 Be6 41. Bb6 Ke7 42. Bf2 h5 43. Bg3 Bf6 44. Bf4 Bd5 $2 (44... Kd8 $16 45. a4 Kc8) 45. c7 $18 Kd7 {[#]} 46. Ng3 $1 h4 47. Nf5 Bb7 48. Ne3 h3 $2 (48... Be7 49. Nxc4 Bc5) 49. Nxc4 hxg2+ 50. Kh2 Kc8 51. Nb6# {Accuracy: White = 59%, Black = 36%.} 1-0

[Event "LOTTO POL-ch Men 2019"]
[Site "Warsaw"]
[Date "2019.05.13"]
[Round "3.4"]
[White "Bartel, Mateusz"]
[Black "Heberla, Bartlomiej"]
[Result "1-0"]
[WhiteElo "2598"]
[BlackElo "2556"]
[Annotator "TA"]
[PlyCount "67"]
[EventDate "2019.05.11"]
[EventType "tourn"]
[EventCountry "POL"]
[SourceTitle "playchess.com"]
[Source "ChessBase"]
[SourceQuality "1"]

{[%evp 9,67,0,0,7,7,12,17,11,27,0,22,26,30,20,27,11,41,12,28,14,40,9,37,29,37,39,35,34,41,46,62,62,56,47,59,47,113,109,108,102,120,116,150,150,451,453,455,453,443,431,562,559,531,533,1090,1022,1690,1461,6049,5156]} 1. c4 e5 2. Nc3 Nf6 3. Nf3 Nc6 4. e4 Bb4 5. d3 d6 6. a3 {A28: English Opening: Four Knights Variation} Bc5 7. b4 Bb6 8. Na4 {The position is equal.} Bg4 9. Nxb6 (9. Be2 Nd7 10. Nxb6 axb6 11. Bb2 O-O 12. h3 Bxf3 13. Bxf3 Nd4 {1-0 (49) Nakamura,H (2746)-Sevian,S (2642) Saint Louis 2019}) 9... Bxf3 10. Qxf3 Nd4 11. Qd1 $1 axb6 12. Bb2 $146 ({Predecessor:} 12. Be2 Qe7 13. O-O c5 14. Bb2 g5 15. Bxd4 {½-½ (15) Ghaem Maghami,E (2569)-Edouard,R (2639) Guilan 2016}) 12... Qd7 13. Be2 b5 14. O-O c5 15. f4 {White wants to play bxc5.} b6 16. Bxd4 cxd4 17. fxe5 dxe5 18. Qe1 O-O 19. Qg3 {[#] Hoping for Rxf6.} Kh8 20. Qxe5 bxc4 21. dxc4 Rae8 22. Qf5 Qxf5 ({Black should try} 22... Qc7 $14) 23. Rxf5 $16 Nxe4 24. Bd3 Nc3 25. a4 Re3 26. Rf3 {Strongly threatening Rxe3.} Ra8 $2 {[#]} (26... Rd8 $16 {is more resistant.} 27. a5 bxa5) 27. Rxe3 $18 {White is clearly winning.} dxe3 {[%mdl 4096] Endgame KRB-KRN} 28. a5 bxa5 29. bxa5 Kg8 30. Ra3 Nd1 31. Be2 Nb2 32. Ra2 Rb8 33. a6 {[%cal Ba5a6,Ba6a7][%mdl 32]} Na4 34. a7 {Accuracy: White = 72%, Black = 31%.} 1-0

[Event "LOTTO POL-ch Men 2019"]
[Site "Warsaw"]
[Date "2019.05.13"]
[Round "3.5"]
[White "Janik, Igor"]
[Black "Tomczak, Jacek"]
[Result "1/2-1/2"]
[WhiteElo "2469"]
[BlackElo "2631"]
[Annotator "TA"]
[PlyCount "61"]
[EventDate "2019.05.11"]
[EventType "tourn"]
[EventCountry "POL"]
[SourceTitle "playchess.com"]
[Source "ChessBase"]
[SourceQuality "1"]

{[%evp 23,61,2,15,0,10,-5,0,0,29,25,22,15,8,4,9,9,12,-22,0,0,0,0,0,-9,2,0,0,0,0,0,0,0,0,0,0,0,0,0,0,0]} 1. e4 c5 2. Nf3 Nc6 3. d4 cxd4 4. Nxd4 Nf6 5. Nc3 e5 6. Ndb5 d6 7. Bg5 a6 8. Na3 b5 9. Nd5 Be7 10. Bxf6 Bxf6 11. c4 b4 12. Nc2 a5 13. g3 {B33: Sicilian: Pelikan and Sveshnikov Variations} (13. Qf3 Be6 14. Rd1 Bxd5 15. cxd5 Na7 16. g3 Rc8 17. Ne3 O-O 18. h4 Rc5 19. Bd3 Nc8 20. O-O Qc7 {½-½ (31) Nakamura,H (2746)-Caruana,F (2828) Saint Louis 2019}) 13... O-O 14. h4 Be6 15. Bh3 Nd4 16. Nxd4 exd4 17. Bxe6 {The position is equal.} fxe6 18. Nf4 {[#]} Qb6 $146 ({Predecessor:} 18... Qe7 19. Qg4 Rae8 20. O-O Qf7 {1-0 (39) Malakhov,V (2676)-Maletin,P (2567) Krasnoyarsk 2007}) 19. O-O ({Much weaker is} 19. Nxe6 Rfe8 $15) 19... Rae8 20. Qa4 d3 21. Nxd3 Qd4 $1 {[%cal Rd4d3]} 22. Rad1 Qxe4 23. Qxa5 Bxh4 24. Qxb4 (24. gxh4 {gets mated.} Qg4+ 25. Kh1 Rf3 26. Qe5 dxe5 27. Nf4 exf4 28. Rd3 Rh3+ 29. Rxh3 Qxh3+ 30. Kg1 f3 31. Re1 Qg2#) 24... Bxg3 25. fxg3 Rxf1+ 26. Rxf1 Qxd3 $11 {KQR-KQR} 27. Kg2 Qe4+ 28. Kg1 Qe3+ 29. Kg2 Qe4+ 30. Kg1 Qe3+ 31. Kg2 {Accuracy: White = 59%, Black = 35%.} 1/2-1/2

[Event "LOTTO POL-ch Men 2019"]
[Site "Warsaw"]
[Date "2019.05.14"]
[Round "4.1"]
[White "Piorun, Kacper"]
[Black "Tomczak, Jacek"]
[Result "*"]
[WhiteElo "2657"]
[BlackElo "2631"]
[Annotator "TA"]
[PlyCount "38"]
[EventDate "2019.05.11"]
[EventType "tourn"]
[EventCountry "POL"]
[SourceTitle "playchess.com"]
[Source "ChessBase"]
[SourceQuality "1"]

{[%evp 21,23,35,22,31]} 1. d4 d5 2. c4 dxc4 3. e4 Nf6 4. e5 Nd5 5. Bxc4 Bf5 6. Ne2 e6 7. O-O Nb6 8. Bb3 Nc6 9. Nbc3 Qd7 10. Be3 Rd8 11. a3 Be7 12. Qc1 {D20: Queen's Gambit Accepted: 3 e3 and 3 e4} {Predecessor:} Bd3 $146 13. Rd1 Na5 14. Ba2 Bc4 15. Bxc4 Nbxc4 16. Rb1 Nxe3 17. Qxe3 Nc4 18. Qg3 O-O 19. Nf4 Kh8 {½-½ (51) Beliavsky,A (2628)-Romanov,E (2640) Legnica 2013} *

[Event "LOTTO POL-ch Men 2019"]
[Site "Warsaw"]
[Date "2019.05.14"]
[Round "4.1"]
[White "Piorun, Kacper"]
[Black "Tomczak, Jacek"]
[Result "1-0"]
[WhiteElo "2657"]
[BlackElo "2631"]
[Annotator "TA"]
[PlyCount "71"]
[EventDate "2019.05.11"]
[EventType "tourn"]
[EventCountry "POL"]
[SourceTitle "playchess.com"]
[Source "ChessBase"]
[SourceQuality "1"]

{[%evp 21,71,31,39,27,25,20,47,47,41,35,33,32,18,0,0,0,7,7,56,27,27,31,31,22,28,21,14,21,71,79,72,75,80,74,85,50,60,37,26,0,0,0,0,0,0,0,0,0,0,0,5025,4917]} 1. d4 d5 2. c4 dxc4 3. e4 Nf6 4. e5 Nd5 5. Bxc4 Bf5 6. Ne2 e6 7. O-O Nb6 8. Bb3 Nc6 9. Nbc3 Qd7 10. Be3 Rd8 11. a3 Be7 12. Qc1 {D20: Queen's Gambit Accepted: 3 e3 and 3 e4} O-O (12... Bd3 13. Rd1 Na5 14. Ba2 Bc4 15. Bxc4 Nbxc4 16. Rb1 Nxe3 17. Qxe3 Nc4 18. Qg3 O-O 19. Nf4 Kh8 {½-½ (51) Beliavsky,A (2628)-Romanov,E (2640) Legnica 2013}) 13. Rd1 Qc8 14. Ba2 {White is slightly better.} Rfe8 $146 ({Predecessor:} 14... Rd7 15. b4 Rfd8 16. Qb2 Bf8 17. Rd2 a5 18. b5 Ne7 19. Nf4 {0-1 (43) Papenin,N (2359)-Drozdovskij,Y (2449) Dnipropetrovsk 2002}) 15. Ng3 Bg6 16. f4 Bh4 17. Nf1 Bh5 18. Rd2 Na5 $1 19. b3 {[%cal Bb2b3,Bb3b4][%mdl 32]} Be7 20. Kh1 Bg6 21. Bf2 Bf8 22. b4 Nc6 $1 23. d5 exd5 24. Nxd5 Bf5 25. Bxb6 cxb6 26. Nfe3 Be6 27. Qf1 Kh8 28. Rc1 Qb8 29. Qe2 f6 30. b5 (30. Qh5 {with more complications.} fxe5 31. f5 Bxd5 32. Rxd5 e4 33. f6) 30... fxe5 31. bxc6 bxc6 32. Rxc6 {[#] Hoping for f5.} exf4 33. Rxe6 $1 Rxe6 34. Nxf4 $1 Rxd2 35. Qxd2 Re4 $2 {[%mdl 8192] [#]} (35... Re5 $11) 36. Qd5 {Accuracy: White = 63%, Black = 72%.} 1-0

[Event "LOTTO POL-ch Men 2019"]
[Site "Warsaw"]
[Date "2019.05.14"]
[Round "4.2"]
[White "Heberla, Bartlomiej"]
[Black "Janik, Igor"]
[Result "0-1"]
[WhiteElo "2556"]
[BlackElo "2469"]
[Annotator "TA"]
[PlyCount "42"]
[EventDate "2019.05.11"]
[EventType "tourn"]
[EventCountry "POL"]
[SourceTitle "playchess.com"]
[Source "ChessBase"]
[SourceQuality "1"]

{[%evp 23,154,7,0,0,0,0,0,0,0,0,0,-78,-24,-42,-47,-44,75,-24,-23,-54,-54,-47,-17,-17,-17,-17,-27,-24,-14,-100,-78,-122,-102,-95,-95,-109,-94,-128,-69,-188,-166,-168,-175,-229,-214,-209,-208,-186,-198,-273,-266,-329,-337,-285,-276,-298,-312,-272,-228,-272,-272,-258,-168,-167,-169,-169,-169,-170,-169,-166,-162,-165,-168,-169,-169,-171,-162,-167,-8,-97,-2,-15,-2,-8,-8,-8,-8,-8,-8,-8,-8,-10,-8,-8,-8,-10,-8,-8,-9,-22,-13,-22,-22,-33,-33,-671,-635,-665,-671,-557,-552,-549,-549,-439,-102,-29955,-12848,-1210,-706,-29975,-29976,-29976,-29977,-29977,-29978,-29978,-29979,-29979,-29980,-29980,-29981,-29981,-29982]} 1. e4 c6 2. d4 d5 3. exd5 cxd5 4. c4 Nf6 5. Nc3 Nc6 6. Nf3 Bg4 7. cxd5 Nxd5 8. Qb3 Bxf3 9. gxf3 e6 10. Qxb7 Nxd4 11. Bb5+ Nxb5 12. Qc6+ Ke7 {aiming for ...Nbxc3.} 13. Qc5+ {B13: Caro-Kann: Exchange Variation and Panov-Botvinnik Attack} (13. Qxb5 Nxc3 14. bxc3 Qd7 15. Rb1 Rd8 16. Be3 Qxb5 17. Rxb5 Rd7 18. Ke2 g6 19. Bc5+ Kf6 20. Bd4+ Rxd4 21. cxd4 Bh6 22. Rhb1 Rd8 {1-0 (38) Ivanchuk,V (2738)-Vachier Lagrave,M (2796) Leuven 2017}) 13... Nd6 14. Nxd5+ Kd7 15. Nc3 {The position is equal.} Qb6 16. Qe5 $146 ({Predecessor:} 16. Qh5 Ke8 17. O-O Nf5 18. Qg4 Rc8 19. Rd1 Bc5 20. Qa4+ Qc6 {1-0 (40) Pechac,J (2448)-Kreisl,R (2435) Stara Lubovna 2017}) 16... Be7 17. Qe2 (17. O-O $11) 17... Bf6 ({Better is} 17... Rhd8 $17) 18. Bf4 Bxc3+ 19. bxc3 e5 (19... Rhd8 $15 {keeps the upper hand.}) 20. Be3 ({White should play} 20. Bxe5 $16 {0-0-0 is the strong threat.} f6 21. Bd4 (21. Bxd6 Rhe8 $15)) 20... Qb5 $11 21. Qc2 Rac8 {Played: Rh8-c8} 0-1

[Event "LOTTO POL-ch Men 2019"]
[Site "Warsaw"]
[Date "2019.05.14"]
[Round "4.3"]
[White "Sadzikowski, Daniel"]
[Black "Bartel, Mateusz"]
[Result "*"]
[WhiteElo "2522"]
[BlackElo "2598"]
[Annotator "TA"]
[PlyCount "35"]
[EventDate "2019.05.11"]
[EventType "tourn"]
[EventCountry "POL"]
[SourceTitle "playchess.com"]
[Source "ChessBase"]
[SourceQuality "1"]

{[%evp 16,25,30,26,48,35,45,16,12,18,14,14]} 1. e4 e6 2. d4 d5 3. Nd2 Be7 4. Ngf3 Nf6 5. e5 Nfd7 6. Bd3 c5 7. c3 Nc6 8. O-O g5 9. dxc5 Ndxe5 {C06: French Tarrasch: 3...Nf6 4 e5 Nfd7 5 Bd3 main lines} 10. Nxe5 Nxe5 11. Bb5+ Bd7 12. Bxd7+ Qxd7 13. Nf3 {[#]} {Predecessor:} Nxf3+ $146 14. Qxf3 e5 15. Be3 Qe6 16. c4 d4 17. Bxd4 exd4 18. Qxb7 {0-1 (53) Meier,G (2411)-Socko,B (2610) Bastia 2005} *

[Event "LOTTO POL-ch Men 2019"]
[Site "Warsaw"]
[Date "2019.05.14"]
[Round "4.3"]
[White "Sadzikowski, Daniel"]
[Black "Bartel, Mateusz"]
[Result "1/2-1/2"]
[WhiteElo "2522"]
[BlackElo "2598"]
[Annotator "TA"]
[PlyCount "60"]
[EventDate "2019.05.11"]
[EventType "tourn"]
[EventCountry "POL"]
[SourceTitle "playchess.com"]
[Source "ChessBase"]
[SourceQuality "1"]

{[%evp 16,60,27,43,47,38,31,25,28,22,27,24,28,24,23,23,28,16,18,0,0,0,0,0,8,-10,37,0,0,-30,-9,-7,-8,-19,0,17,45,43,50,43,43,42,44,0,30,2,8]} 1. e4 e6 2. d4 d5 3. Nd2 Be7 4. Ngf3 Nf6 5. e5 Nfd7 6. Bd3 c5 7. c3 Nc6 8. O-O g5 9. dxc5 Ndxe5 {C06: French Tarrasch: 3...Nf6 4 e5 Nfd7 5 Bd3 main lines} 10. Nxe5 Nxe5 11. Bb5+ Bd7 {White has an edge.} 12. Bxd7+ Qxd7 13. Nf3 Nxf3+ 14. Qxf3 e5 15. b4 $146 ({Predecessor:} 15. Be3 Qe6 16. c4 d4 17. Bxd4 exd4 18. Qxb7 {0-1 (53) Meier,G (2411)-Socko,B (2610) Bastia 2005}) 15... g4 16. Qg3 f6 17. f4 gxf3 $1 18. Qxf3 O-O-O 19. Be3 Rhg8 20. Rad1 Kc7 21. a4 Qg4 22. h3 (22. a5 {feels hotter.} a6 23. Qf2 f5 24. c6 d4 25. cxd4 f4 26. Bc1) 22... Qg3 23. Kh1 Qxf3 24. Rxf3 a6 25. g4 Kd7 26. Rxd5+ Ke6 27. Rxd8 Rxd8 28. Kg2 h5 29. Kf2 a5 30. Ke2 hxg4 {Accuracy: White = 37%, Black = 60%.} 1/2-1/2

[Event "LOTTO POL-ch Men 2019"]
[Site "Warsaw"]
[Date "2019.05.14"]
[Round "4.4"]
[White "Dragun, Kamil"]
[Black "Socko, Bartosz"]
[Result "1/2-1/2"]
[WhiteElo "2591"]
[BlackElo "2627"]
[Annotator "TA"]
[PlyCount "61"]
[EventDate "2019.05.11"]
[EventType "tourn"]
[EventCountry "POL"]
[SourceTitle "playchess.com"]
[Source "ChessBase"]
[SourceQuality "1"]

{[%evp 23,61,43,54,16,20,23,36,24,44,38,39,35,37,13,24,17,16,16,20,12,20,11,0,0,0,0,0,0,0,0,0,0,0,0,0,0,0,0,0,0]} 1. Nf3 d5 2. g3 Bg4 3. Bg2 c6 4. O-O Nf6 5. d4 e6 6. Nbd2 Be7 7. Re1 Nbd7 8. e4 dxe4 9. Nxe4 O-O 10. c3 Qb6 11. Qb3 Rfe8 12. Nxf6+ Bxf6 13. Bf4 {D02: 1 d4 d5 2 Nf3 sidelines, including 2...Nf6 3 g3 and 2...Nf6 3 Bf4} h6 (13... Qxb3 14. axb3 a6 15. Ne5 Nxe5 16. Bxe5 Be7 17. Be4 Bh5 18. h4 Rad8 19. b4 Rd7 20. Bf4 Bg6 {½-½ (50) Van der Sterren,P (2510)-Dautov,R (2615) Germany 1996}) 14. h3 $146 ({Predecessor:} 14. Ne5 Nxe5 15. Bxe5 Bxe5 16. Rxe5 {0-1 (43) Jasnikowski,Z (2425)-Kuczynski,R (2480) Lubniewice 1995}) 14... Bh5 15. Ne5 {White is slightly better.} Bxe5 16. Bxe5 Nxe5 17. Rxe5 Bg6 18. Qa3 a5 19. Rae1 a4 {The position is equal.} 20. R1e3 Red8 21. Kh2 Bb1 22. h4 Qa6 23. Re1 Bd3 24. Qb4 Qc4 25. Qa3 Qa6 26. Qb4 Qc4 27. Qa3 Qa6 28. Qb4 Qc4 29. Qa3 Qa6 30. Qb4 Qc4 31. Qa3 {Accuracy: White = 78%, Black = 75%.} 1/2-1/2

[Event "LOTTO POL-ch Men 2019"]
[Site "Warsaw"]
[Date "2019.05.14"]
[Round "4.4"]
[White "Dragun, Kamil"]
[Black "Socko, Bartosz"]
[Result "*"]
[WhiteElo "2591"]
[BlackElo "2627"]
[Annotator "TA"]
[PlyCount "42"]
[EventDate "2019.05.11"]
[EventType "tourn"]
[EventCountry "POL"]
[SourceTitle "playchess.com"]
[Source "ChessBase"]
[SourceQuality "1"]

{[%evp 20,21,45,0]} 1. Nf3 d5 2. g3 Bg4 3. Bg2 c6 4. O-O Nf6 5. d4 e6 6. Nbd2 Be7 7. Re1 Nbd7 8. e4 dxe4 9. Nxe4 O-O 10. c3 Qb6 11. Qb3 {Predecessor:} Nxe4 $146 12. Rxe4 Bf5 13. Re1 a5 14. Bg5 Bd6 15. Nd2 a4 16. Qxb6 Nxb6 17. Ne4 Bxe4 18. Bxe4 h6 19. Bc1 Rfe8 20. Kf1 e5 21. dxe5 Bxe5 {1-0 (72) Meier,G (2630)-Fontaine,R (2549) chess.com INT 2017} *